Score 0/9 Timer 04:00
0 Plays Today
% Correct
6LIZARD
87.2%
6WIZARD
80.4%
8BLIZZARD
79.9%
6HAZARD
70.4%
7GIZZARD
64.9%
7BUZZARD
44.9%
9HAPHAZARD
14.4%
6VIZARD
13.6%
9BIOHAZARD
9.7%
Remove Ads.
Support Sporcle.
Get the best of Sporcle when you Go Orange. This ad-free experience offers more features, more stats, and more fun while also helping to support Sporcle. Thank you for becoming a member.

You're not logged in!

Compare scores with friends on all Sporcle quizzes.
OR
Log In

Show Comments

Extras

Top Quizzes Today


Score Distribution

Your Account Isn't Verified!

In order to create a playlist on Sporcle, you need to verify the email address you used during registration. Go to your Sporcle Settings to finish the process.

Report this User

Report this user for behavior that violates our Community Guidelines.

Details: